=LDR 00000nam 2200000 4500 =001 INLIS000000000005286 =005 20251013092529 =035 ##$$a 0010-1025000341 =007 ta =008 251013###########################0#ind## =082 ##$$a 363.96 =084 ##$$a 363.96 M. p =100 #$$a M. RATNO TIMOER =245 1#$$a PERAN SERTA ARTIS MEMASYARAKATKAN KELUARGA BERENCANA /$c Badan Koordinasi Keluarga Berencana Nasional =260 ##$$a JAKARTA :$b BADAN KOORDINASI KELUARGA BERENCANA NASIONAL,$c 1987 =300 ##$$a 3 Hal : $b Ilus ; $c 21 =856 ##$$a Perpustakaan Kemendukbangga